Comuni della Provincia di Pistoia (con mappa) - Statistics

Statistiche generali
  • Questo quiz è stato fatto 37 volte
  • Il punteggio medio è 14 su 20
Risposte nella Mappa
Le risposte nella mappa del quiz sottostante sono codificate secondo una scala di colori dal rosso al verde in base alla % di persone che hanno risposto correttamente.
 
Statistiche sulle risposte
Risposta % Corretto
Pistoia
100%
Montecatini Terme
88%
Quarrata
88%
Agliana
84%
Pescia
84%
Monsummano Terme
76%
Lamporecchio
68%
Larciano
68%
Massa e Cozzile
68%
Montale
68%
Serravalle Pistoiese
68%
Ponte Buggianese
64%
San Marcello Piteglio
64%
Abetone Cutigliano
60%
Buggiano
60%
Chiesina Uzzanese
60%
Pieve a Nievole
60%
Uzzano
60%
Sambuca Pistoiese
56%
Marliana
48%
Nessun quiz corrispondente trovato
Distribuzione punteggi
Percentuale di utenti per punteggio
Percentile per numero di risposta
I tuoi punteggi nel tempo
Non hai fatto questo quiz